000 00603nam a2200181 4500
001 116117
003 ES-MaACL
005 20230906190635.0
007 t|
008 061121s1923 sp r ||||1| spa d
100 1 _aOrúe y Arregui, José Ramón de.
_987692
245 1 0 _aBancarrota
_b: crisis del Derecho Internacional /
_cJosé Ramón de Orúe y Arregui.
260 _aLa Laguna :
_bSuc. M. Curbelo,
_c1923.
300 _a48 p.
500 _aDiscurso leído en la apertura del curso 1923-24 ( Universidad de Canarias)
710 2 _aUniversidad de Canarias.
_97159
852 _aES-MaACL
_j1662-F-4
999 _c116117
_d116117